000 00874nam a22002417a 4500
999 _c63676
_d63676
005 20240530110653.0
008 171217s2003 ua fk f b 000 0 ara d
017 _a7751
_bمصر . دار الكتب المصرية
020 _a4773142043
040 _aEG-CaGPL
082 0 4 _221
_a702.88/
_bم ت
100 0 _aمنى فؤاد علي .
245 1 0 _aترميم الصور الجدارية /
_cمنى فؤاد علي .
250 _aط.1
260 _aالقاهرة :
_bمكتبة زهراء الشرق ،
_c2003
300 _a199 ص :
_bايض ؛
_c24 سم .
504 _aببليوجرافية ص :185 - 188
650 0 7 _2qrmak
_aاللوحات الزيتية
_xترميم
650 0 7 _2qrmak
_aالجداريات
_xترميم
650 0 7 _2qrmak
_aاللوحات الفنية
_xترميم
942 _2ddc
_cBK